Измерение температуры электрическими методами: лабораторная работа 22

Podrobná bibliografie
Korporativní autor: Ленинградский электротехнический институт (ЛЭТИ)
Další autoři: Гамбург А. Н. (составитель), Артемьев В. Я.
Jazyk:ruština
Vydáno: Ленинград, 1963
Témata:
Médium: MixedMaterials Kniha
KOHA link:https://koha.lib.tpu.ru/cgi-bin/koha/opac-detail.pl?biblionumber=110020

MARC

LEADER 00000nam0a2200000 4500
001 110020
005 20231031120303.0
035 |a (RuTPU)RU\TPU\book\118819 
090 |a 110020 
100 |a 20070217d1963 m y0rusy50 ca 
101 0 |a rus 
102 |a RU 
105 |a a j 000zy 
200 1 |a Измерение температуры электрическими методами  |e лабораторная работа 22  |f Ленинградский электротехнический институт (ЛЭТИ) ; сост. А. Н. Гамбург , В. Я. Артемьев 
210 |a Ленинград  |d 1963 
215 |a 26 с.  |c ил. 
610 1 |a измерительная техника 
610 1 |a температура 
610 1 |a измерение 
610 1 |a электрические методы 
610 1 |a лабораторные работы 
610 1 |a учебные пособия 
675 |a 621.317(076.5)  |v 3 
675 |a 621.1.036.5(076.5)  |v 3 
702 1 |a Гамбург  |b А. Н.  |4 220 
702 1 |a Артемьев  |b В. Я.  |4 220 
712 0 2 |a Ленинградский электротехнический институт (ЛЭТИ)  |2 stltpush  |3 (RuTPU)RU\TPU\col\289 
801 1 |a RU  |b 63413507  |c 20070217  |g PSBO 
801 2 |a RU  |b 63413507  |c 20080110  |g PSBO 
942 |c BK